000 00853nam a22001817a 4500
005 20241016155921.0
010 _aHIN-128552
020 _a9789359200057
_c250.00
035 _aHN-100898
037 _bDBAD
082 _a821
100 _aशेखर , वीरेन्द्र कुमार
_972885
245 _aक्रौंच के फिर आज देखो शर लगा है /
_cवीरेन्द्र कुमार शेखर
260 _aनई दिल्ली
_bडायमंड पॉकेट बुक्स
_c2023
270 _aX-30, ओखला इंडस्ट्रियल एरिया, फेज-2
_bनई दिल्ली
_e110020
_k011-40712200
_msales@dpb.in
300 _a176 पृ.
_c21 सेमी (अजिल्द)
942 _cHN
_2ddc
_h821
_mशेखर
999 _c206443
_d206443